=LDR 00000nam 2200000 4500 =001 INLIS000000000026761 =005 20130612125202 =008 ***********************************ind** =035 ##$$0010-061300000026761 =041 ##$$a ind =082 ##$$a 651.7 =090 ##$$a 651.7, MUC b =100 ##$$a Muckian, Michael =245 ##$$a Buku pintar surat-surat bisnis, Panduan lengkap, praktis dan terkini, Michael Muckian =260 ##$$a 2006 $b Yogyakarta =300 ##$$a 308 hlm., 20 cm =650 ##$$a Bisnis, Koresponden =700 ##$$a Woods, John =850 ##$$a NBPNMAT